Year-book /

Bibliographic Details
New Title:A.I.E.E. year book
Corporate Author: American Institute of Electrical Engineers
Format: Serial
Language:English
Published: New York : The Institute
Subjects:

MARC

Tag First Indicator Second Indicator Subfields
LEADER 00000cas a22000007a 4500
001 in00000039810
008 790921d1uuu19uunyuar 0 a0eng
005 20260625135157.4
010 |a sn 77021379   |z ca 10000088  
019 |a 933313195  |a 1114935266 
029 1 |a AU@  |b 000025808896 
029 1 |a NZ1  |b 1198049 
035 |z (OCoLC)933313195  |z (OCoLC)1114935266 
035 |a (OCoLC)5397463 
040 |a DLC  |b eng  |c LUU  |d NYG  |d OCL  |d NYS  |d WPG  |d OCLCQ  |d OCLCF  |d OCLCO  |d OCLCQ  |d OCLCL 
042 |a msc 
050 0 0 |a TK1  |b .A615 
082 0 4 |a 621.306  |b A51 
110 2 |a American Institute of Electrical Engineers.  |1 https://id.oclc.org/worldcat/entity/E39QH7JmpHQvBMBThJ9Tm4wvTR 
245 1 0 |a Year-book /  |c American Institute of Electrical Engineers. 
246 1 4 |a Year-book of the American Institute of Electrical Engineers 
260 |a New York :  |b The Institute 
300 |a volumes ;  |c 24 cm 
310 |a Annual 
336 |a text  |b txt  |2 rdacontent 
337 |a unmediated  |b n  |2 rdamedia 
338 |a volume  |b nc  |2 rdacarrier 
530 |a Also issued online. 
588 |a Description based on: 1907. 
650 0 |a Electrical engineering  |v Periodicals. 
650 7 |a Electrical engineering.  |2 fast  |0 (OCoLC)fst01728596 
655 7 |a Periodicals.  |2 fast  |0 (OCoLC)fst01411641 
776 0 8 |i Online version:  |a American Institute of Electrical Engineers.  |t Year-book  |w (OCoLC)560546057 
785 0 0 |t A.I.E.E. year book  |w (OCoLC)8356287 
936 |a 1910,1913-16,1924,1928,1931  |a 1907 
948 |h NO HOLDINGS IN TXA - 56 OTHER HOLDINGS 
994 |a Z0  |b TXA 
999 f f |s 4510cd86-e992-32c3-932a-941e9cbbd81e  |i 6b0469b3-8674-3268-bc52-b364609f2fe8  |t 0 
952 f f |p ric  |a Texas A&M University  |b Rellis Campus  |c Joint Library Facility  |s JLF  |d Remote Storage  |t 0  |e TK1 .A615  |h Library of Congress classification  |i unmediated -- volume  |k 1924  |m A14832593612 
952 f f |p ric  |a Texas A&M University  |b Rellis Campus  |c Joint Library Facility  |s JLF  |d Remote Storage  |t 0  |e TK1 .A615  |h Library of Congress classification  |i unmediated -- volume  |k 1929  |m A14832594066 
952 f f |p ric  |a Texas A&M University  |b Rellis Campus  |c Joint Library Facility  |s JLF  |d Remote Storage  |t 0  |e TK1 .A615  |h Library of Congress classification  |i unmediated -- volume  |k 1930  |m A14832594024 
952 f f |p ric  |a Texas A&M University  |b Rellis Campus  |c Joint Library Facility  |s JLF  |d Remote Storage  |t 0  |e TK1 .A615  |h Library of Congress classification  |i unmediated -- volume  |k 1934  |m A14832593947 
952 f f |p ric  |a Texas A&M University  |b Rellis Campus  |c Joint Library Facility  |s JLF  |d Remote Storage  |t 0  |e TK1 .A615  |h Library of Congress classification  |i unmediated -- volume  |k 1926  |m A14832593531 
952 f f |p ric  |a Texas A&M University  |b Rellis Campus  |c Joint Library Facility  |s JLF  |d Remote Storage  |t 0  |e TK1 .A615  |h Library of Congress classification  |i unmediated -- volume  |k 1927  |m A14832594147 
952 f f |p ric  |a Texas A&M University  |b Rellis Campus  |c Joint Library Facility  |s JLF  |d Remote Storage  |t 0  |e TK1 .A615  |h Library of Congress classification  |i unmediated -- volume  |k 1911  |m A14832593890 
952 f f |p ric  |a Texas A&M University  |b Rellis Campus  |c Joint Library Facility  |s JLF  |d Remote Storage  |t 0  |e TK1 .A615  |h Library of Congress classification  |i unmediated -- volume  |k 1920  |m A14832593735 
952 f f |p ric  |a Texas A&M University  |b Rellis Campus  |c Joint Library Facility  |s JLF  |d Remote Storage  |t 0  |e TK1 .A615  |h Library of Congress classification  |i unmediated -- volume  |k 1921  |m A14832593696 
952 f f |p ric  |a Texas A&M University  |b Rellis Campus  |c Joint Library Facility  |s JLF  |d Remote Storage  |t 0  |e TK1 .A615  |h Library of Congress classification  |i unmediated -- volume  |k 1912  |m A14832593858 
952 f f |p ric  |a Texas A&M University  |b Rellis Campus  |c Joint Library Facility  |s JLF  |d Remote Storage  |t 0  |e TK1 .A615  |h Library of Congress classification  |i unmediated -- volume  |k 1931  |m A14832593989 
952 f f |p ric  |a Texas A&M University  |b Rellis Campus  |c Joint Library Facility  |s JLF  |d Remote Storage  |t 0  |e TK1 .A615  |h Library of Congress classification  |i unmediated -- volume  |k 1914  |m A14832593816 
952 f f |p ric  |a Texas A&M University  |b Rellis Campus  |c Joint Library Facility  |s JLF  |d Remote Storage  |t 0  |e TK1 .A615  |h Library of Congress classification  |i unmediated -- volume  |k 1923  |m A14832593654 
952 f f |p ric  |a Texas A&M University  |b Rellis Campus  |c Joint Library Facility  |s JLF  |d Remote Storage  |t 0  |e TK1 .A615  |h Library of Congress classification  |i unmediated -- volume  |k 1916  |m A14832593777 
952 f f |p ric  |a Texas A&M University  |b Rellis Campus  |c Joint Library Facility  |s JLF  |d Remote Storage  |t 0  |e TK1 .A615  |h Library of Congress classification  |i unmediated -- volume  |k 1928  |m A14832594105 
998 f f |a TK1 .A615  |s 1934  |t 0  |l Remote Storage